| 000 | 00000nas 2200000za 4500 |
| 001 | 9.837581 |
| 003 | CaOODSP |
| 005 | 20230131152247 |
| 007 | cr ||||||||||| |
| 008 | 170602d20182018oncar p o f0 a0eng|d |
| 022 | |y1927-114X |
| 040 | |aCaOODSP|beng |
| 043 | |an-cn--- |
| 086 | 1 |aCH41-43E-PDF|zCH41-25E-PDF |
| 110 | 1 |aCanada. |bCanadian Heritage. |
| 245 | 10|aApplication guidelines - Business Innovation component : |bCanada Periodical Fund. |
| 264 | 1|a[Ottawa] : |b[Canadian Heritage], |c2018. |
| 310 | |aAnnual |
| 362 | 0 |aBegan with and ceased with [2017/2018]. |
| 500 | |aIssued also in French under title: Lignes directrices sur la présentation des demandes - Innovation commerciale, Fonds du Canada pour les périodiques. |
| 692 | 07|2gccst|aFunding |
| 692 | 07|2gccst|aPublishing |
| 775 | 08|tLignes directrices sur la présentation des demandes - Innovation commerciale : |w(CaOODSP)9.837582 |
| 780 | 00|tCanada Periodical Fund |w(CaOODSP)9.506291 |